| 000 | 01587nam0a2200337 4500 | ||
|---|---|---|---|
| 001 | RU\NLR\BIBL_A\022723120 | ||
| 005 | 20260402132633.0 | ||
| 010 |
_a978-5-19-012257-2 _9150 |
||
| 021 |
_aRU _bКН-П-25-078801 _9КН-П-25-7629 |
||
| 035 | _a(NLR Aleph) 022723120 | ||
| 090 |
_a13650241 _c13650241 |
||
| 100 | _a20260209d2025 k y0rusy50 ca | ||
| 101 | 0 | _arus | |
| 102 | _aRU | ||
| 105 | _aac j 000yy | ||
| 181 | 0 |
_ai3 _baxxe |
|
| 182 | 0 | _an | |
| 200 | 1 |
_aБиофизика _eучебник _fА. Б. Рубин _gМосковский государственный университет имени М. В. Ломоносова, Биологический факультет |
|
| 203 |
_aТекст _bвизуальный _cнепосредственный |
||
| 210 |
_aМосква _cИзд-во Московского университета _d2025 |
||
| 215 |
_a276 с. _cил., портр. _d22 |
||
| 225 | 1 | _aКлассический унверситетский учебник | |
| 300 | _aНа авантит.: Московский государственный университет имени М. В. Ломоносова - 270 лет | ||
| 320 | _aБиблиогр.: с. 275-276 (19 назв.) | ||
| 606 | 1 |
_aБиофизика _jУчебники для высших учебных заведений _2nlr_sh1 _2nlr_sh2 _3RU\NLR\AUTH\66107339 |
|
| 686 | 1 | _aЕ071я731-1 | |
| 700 | 1 |
_aРубин _bА. Б. _f1937- _gАндрей Борисович _3RU\NLR\AUTH\770251333 |
|
| 942 | _cBOOK | ||
| 980 | _aNB | ||